Dialogue Obi-Wan Anakin sur Mustafar ( star wars ) - Statistiques

Statistiques générales
  • Ce quiz a été pris 2 359 fois
  • Le résultat moyen est 39 sur 62
Statistiques - réponses
Personnage Réponses % Correct
tu
95%
tu
95%
Anakin Tu
95%
à
93%
à
93%
à
93%
à
93%
et
83%
je
82%
je
82%
je
82%
la
74%
la
74%
la
74%
la
74%
la
74%
la
74%
te
71%
Anakin Si
69%
ce
68%
es
68%
pas
66%
pas
66%
mon
64%
Anakin Ne
64%
empire
61%
empire
61%
moi
61%
moi
61%
Obi-Wan Ton
61%
contre
60%
nouvel
60%
nouvel
60%
Obi-Wan Anakin
59%
avec
59%
alors
58%
Anakin J'ai
58%
paix
58%
n'es
57%
que
56%
République
56%
apporté
54%
Démocratie
54%
les
54%
tuer
53%
faire
52%
dois
51%
ferai
51%
siths
51%
m'oblige
50%
sécurité
50%
suis
49%
justice
48%
sont
45%
Obi-Wan Seuls
44%
allégeance
43%
aussi
43%
absolus
42%
liberté
42%
essaieras
39%
par
38%
lié
37%
Aucun quiz correspondant
Distribution des résultats
% des personnes avec chaque résultat
Percentile par nombre de réponses
Votre historique - résultats
Vous n’avez pas pris ce quiz